Kesher : (Record no. 5346)
[ view plain ]
| 000 -LEADER | |
|---|---|
| fixed length control field | 01447cas a2200457 i 4500 |
| 001 - CONTROL NUMBER | |
| control field | 667474 |
| 003 - CONTROL NUMBER IDENTIFIER | |
| control field | OSt |
| 005 - DATE AND TIME OF LATEST TRANSACTION | |
| control field | 20190103150850.0 |
| 008 - FIXED-LENGTH DATA ELEMENTS--GENERAL INFORMATION | |
| fixed length control field | 001115c19949999nmufr p 0 a0eng d |
| 010 ## - LIBRARY OF CONGRESS CONTROL NUMBER | |
| LC control number | 00215904 |
| 022 0# - INTERNATIONAL STANDARD SERIAL NUMBER | |
| International Standard Serial Number | 1532-4974 |
| Source | 1 |
| 035 ## - SYSTEM CONTROL NUMBER | |
| System control number | (OCoLC)ocm45360551 |
| 035 ## - SYSTEM CONTROL NUMBER | |
| System control number | (OCoLC)45360551 |
| Canceled/invalid control number | (OCoLC)38200978 |
| 035 ## - SYSTEM CONTROL NUMBER | |
| System control number | 667474 |
| 040 ## - CATALOGING SOURCE | |
| Original cataloging agency | NSD |
| Language of cataloging | eng |
| Description conventions | rda |
| Transcribing agency | NSD |
| Modifying agency | DLC |
| -- | DTM |
| -- | DLC |
| -- | PTS |
| 042 ## - AUTHENTICATION CODE | |
| Authentication code | nsdp |
| -- | lc |
| 049 ## - LOCAL HOLDINGS (OCLC) | |
| Holding library | PTSS |
| 050 00 - LIBRARY OF CONGRESS CALL NUMBER | |
| Classification number | BR158 |
| Item number | .K42 |
| 082 10 - DEWEY DECIMAL CLASSIFICATION NUMBER | |
| Classification number | 296 |
| Edition number | 13 |
| 130 0# - MAIN ENTRY--UNIFORM TITLE | |
| Uniform title | Kesher (Albuquerque, N.M.) |
| 210 0# - ABBREVIATED TITLE | |
| Abbreviated title | Kesher |
| Qualifying information | (Albuq. N.M.) |
| 222 #0 - KEY TITLE | |
| Key title | Kesher |
| Qualifying information | (Albuquerque, N.M.) |
| 245 10 - TITLE STATEMENT | |
| Title | Kesher : |
| Remainder of title | a journal of messianic Judaism. |
| 246 30 - VARYING FORM OF TITLE | |
| Title proper/short title | Journal of messianic Judaism |
| 260 ## - PUBLICATION, DISTRIBUTION, ETC. | |
| Place of publication, distribution, etc. | Albuquerque, NM : |
| Name of publisher, distributor, etc. | Union of Messianic Jewish Congregations |
| Date of publication, distribution, etc. | c1996 |
| 300 ## - PHYSICAL DESCRIPTION | |
| Extent | volumes ; 181p.; |
| Dimensions | 22 cm |
| 310 ## - CURRENT PUBLICATION FREQUENCY | |
| Current publication frequency | Semiannual |
| 336 ## - CONTENT TYPE | |
| Content type term | text |
| Content type code | txt |
| Source | rdacontent |
| 337 ## - MEDIA TYPE | |
| Media type term | unmediated |
| Media type code | n |
| Source | rdamedia |
| 338 ## - CARRIER TYPE | |
| Carrier type term | volume |
| Carrier type code | nc |
| Source | rdacarrier |
| 362 1# - DATES OF PUBLICATION AND/OR SEQUENTIAL DESIGNATION | |
| Dates of publication and/or sequential designation | Began in July 1994. |
| 500 ## - GENERAL NOTE | |
| General note | Description based on: Issue 3 (winter 1995-1996); title from cover. |
| 500 ## - GENERAL NOTE | |
| General note | Latest issue consulted: Issue 21 (summer/fall 2006). |
| 650 #0 - SUBJECT ADDED ENTRY--TOPICAL TERM | |
| Topical term or geographic name entry element | Jewish Christians |
| Form subdivision | Periodicals. |
| 650 #0 - SUBJECT ADDED ENTRY--TOPICAL TERM | |
| Topical term or geographic name entry element | Judaism (Christian theology) |
| Form subdivision | Periodicals. |
| 655 #7 - INDEX TERM--GENRE/FORM | |
| Genre/form data or focus term | Periodicals. |
| Source of term | lcgft |
| 710 2# - ADDED ENTRY--CORPORATE NAME | |
| Corporate name or jurisdiction name as entry element | Union of Messianic Jewish Congregations. |
| 942 ## - ADDED ENTRY ELEMENTS (KOHA) | |
| Source of classification or shelving scheme | Dewey Decimal Classification |
| Koha item type | Books |
| 945 ## - LOCAL PROCESSING INFORMATION (OCLC) | |
| a | MARCIVE20181205 |
| Withdrawn status | Lost status | Source of classification or shelving scheme | Damaged status | Not for loan | Collection code | Home library | Current library | Shelving location | Date acquired | Cost, normal purchase price | Total Checkouts | Full call number | Barcode | Date last seen | Price effective from | Koha item type |
|---|---|---|---|---|---|---|---|---|---|---|---|---|---|---|---|---|
| Dewey Decimal Classification | Not For Loan | Non-fiction | Harvest Mission College | Harvest Mission College | General Stacks | 03.01.2019 | 250.00 | 296 | 006145 | 03.01.2019 | 03.01.2019 | Books |
